El código de Derecho Canónico de 1983: balance y perspectivas a los 30 años de su promulgación

Uloženo v:
Podrobná bibliografie
Hlavní autoři: Sánchez-Girón Renedo, José Luis (Autor), Peña García, Carmen (Autor)
Médium: Kniha
Jazyk:španělština
Vydáno: Madrid Universidad Pontificia Comillas 2014
Vydání:1a. ed
Edice:Biblioteca Comillas, 4
Témata:
Tagy: Přidat tag
Žádné tagy, Buďte první, kdo vytvoří štítek k tomuto záznamu!

MARC

LEADER 00000cam a2200000 a 4500
001 UCE3277
003 CL-VaPUC
008 140829e20140000sp |||||||||||||||||spa|d
020 |a 9788484685265 
082 0 4 |a 262.9  |b SAN  |2 21 
100 0 |a Sánchez-Girón Renedo, José Luis  |e author  |9 575837 
700 |a Peña García, Carmen  |e author  |9 605266 
245 1 3 |a El código de Derecho Canónico de 1983: balance y perspectivas a los 30 años de su promulgación 
250 |a 1a. ed 
300 |a 469 p 
942 |c BK 
945 |d 20140829 08:59:00  |a dcastane 
260 |a Madrid  |b Universidad Pontificia Comillas  |c 2014 
650 7 |a DERECHO CANONICO  |2 CL-VaPUC  |9 575839 
650 0 |a Derecho eclesiástico  |9 255055 
650 7 |a LIBERTAD RELIGIOSA  |2 CL-VaPUC  |9 575840 
650 0 |a Derecho penal canónico  |9 470784 
583 |a last modification  |c 20140905 11:28:26  |k Rodrigo Vera 
490 0 |a Biblioteca Comillas, 4 
999 |c 356698  |d 356696 
952 |0 0  |1 0  |3 erb  |4 0  |6 262_900000000000000_SAN_2014  |7 0  |8 A  |9 464228  |a BIBDER  |b BIBDER  |i 5111285  |l 1  |m 2  |o 262.9 SAN 2014  |p 5111285  |r 2024-03-25  |s 2023-09-08  |w 2019-11-23  |y BK  |z Catalogado en:20140829  |k DER